विद्यार्थी विज्ञान शब्दकोश / (Record no. 43813)

MARC details
000 -LEADER
fixed length control field 01212nam a22002537a 4500
005 - DATE AND TIME OF LATEST TRANSACTION
control field 20180913155728.0
008 - FIXED-LENGTH DATA ELEMENTS--GENERAL INFORMATION
fixed length control field 100904t xxu||||| |||| 00| 0 hin d
010 ## - LCCN (DPL NO)
LC control number HIN-90367 पुस्तक मेला
020 ## - INTERNATIONAL STANDARD BOOK NUMBER
International Standard Book Number 9789380458038
Terms of availability 495.00
020 ## - INTERNATIONAL STANDARD BOOK NUMBER
Terms of availability 750.00 पुस्तक मेला
035 ## - SYSTEM CONTROL NUMBER
System control number HN-62713
037 ## - SOURCE OF ACQUISITION
Source of stock number/acquisition DBAD / PUB
037 ## - SOURCE OF ACQUISITION
Source of stock number/acquisition सामयिक बुक्स
040 ## - CATALOGING SOURCE
Original cataloging agency DPL
Language of cataloging HN
082 ## - DEWEY DECIMAL CLASSIFICATION NUMBER
Classification number 503
100 ## - MAIN ENTRY--PERSONAL NAME
9 (RLIN) 18244
Personal name पंत, दयानंद
245 ## - TITLE STATEMENT
Title विद्यार्थी विज्ञान शब्दकोश /
Statement of responsibility, etc दयानंद पंत एवं विनोद कुमार मिश्र
246 ## - VARYING FORM OF TITLE
Title proper/short title Vidhyarthi Vigyan Shabdkosh
Remainder of title by Dayanand Pant& Vinod Kumar Mishra
260 ## - PUBLICATION, DISTRIBUTION, ETC. (IMPRINT)
Place of publication, distribution, etc नई दिल्ली
Name of publisher, distributor, etc सामयिक बुक्स
Date of publication, distribution, etc 2010
-- 2016 पुस्तक मेला
270 ## - ADDRESS
Address 3320-21, जटवाड़ा, दरियागंज, एन.एस.मार्ग
City नई दिल्ली
Postal code 110002
300 ## - PHYSICAL DESCRIPTION
Extent 511पृ.
Dimensions 22सेमी (सजिल्द)
700 ## - ADDED ENTRY--PERSONAL NAME
9 (RLIN) 18260
Personal name मिश्र, विनोद कुमार
942 ## - ADDED ENTRY ELEMENTS (KOHA)
Source of classification or shelving scheme Dewey Decimal Classification
Item type Hindi Books
Classification part 503
Call number suffix पंतद
Holdings
Withdrawn status Lost status Source of classification or shelving scheme Damaged status Not for loan Collection code Home library Current library Date acquired Source of acquisition Cost, normal purchase price Total Checkouts Full call number Barcode Date last seen Copy number Cost, replacement price Koha item type
    Dewey Decimal Classification   Not For Loan Non-fiction D.B.Act.Division D.B.Act.Division 04/09/2010 DBAD / PUB 495.00   503 पंतद HN-62713 04/09/2010 1 495.00 Hindi Books

© Delhi Public Library
Hit Counter
free hit counter